000 00432 a2200169 4500
001 186114
020 _a85-06-04771-0
040 _cMagnum
100 _aRocha, Ruth
240 1 0 _aA menina que não era maluquinha e outras histórias
_lpor
245 1 0 _aA menina que não era maluquinha e outras histórias
300 _a39
362 0 _a2006
440 1 _aMelhoramentos
697 _aLITERATURA INFANTO-JUVENIL
942 _cBK
999 _c186114
_d186114